徳川二十八神将 - Statistics

General Stats
  • This quiz has been taken 18 times
  • The average score is 6 of 28
Answer Stats
該当者 % Correct
本多忠勝
100%
榊原康政
89%
井伊直政
83%
酒井忠次
83%
服部正成
44%
鳥居元忠
33%
大久保忠世
28%
渡辺守綱
17%
安藤直次
11%
大久保忠佐
11%
大須賀康高
11%
内藤信成
11%
平岩親吉
11%
大久保忠教
6%
奥平信昌
6%
内藤家長
6%
松平伊忠
6%
水野勝成
6%
伊奈忠俊
0%
伊奈忠政
0%
岡部長成
0%
酒井正親
0%
菅沼長盈
0%
高木正順
0%
蜂屋貞次
0%
本多康高
0%
松平康忠
0%
米津浄忠
0%
No matching quizzes found
Score Distribution
Percent of People with Each Score
Percentile by Number Answered
Your Score History
You have not taken this quiz